<?xml version="1.0" encoding="UTF-8"?>
<record
    xmlns:xsi="http://www.w3.org/2001/XMLSchema-instance"
    xsi:schemaLocation="http://www.loc.gov/MARC21/slim http://www.loc.gov/standards/marcxml/schema/MARC21slim.xsd"
    xmlns="http://www.loc.gov/MARC21/slim">

  <leader>04096nab a2200337 i 4500</leader>
  <controlfield tag="003">BR-BrBNA</controlfield>
  <controlfield tag="005">20250509132012.0</controlfield>
  <controlfield tag="008">250509b2016    bl.qr|pooa||| 00| 0 eng |</controlfield>
  <datafield tag="040" ind1=" " ind2=" ">
    <subfield code="a">BR-BrBNA</subfield>
    <subfield code="b">eng</subfield>
  </datafield>
  <datafield tag="072" ind1=" " ind2=" ">
    <subfield code="a">H50</subfield>
    <subfield code="b">0120</subfield>
  </datafield>
  <datafield tag="072" ind1=" " ind2=" ">
    <subfield code="a">F60</subfield>
  </datafield>
  <datafield tag="100" ind1=" " ind2=" ">
    <subfield code="a">Santos, Ricardo Gon&#xE7;alves </subfield>
  </datafield>
  <datafield tag="100" ind1=" " ind2=" ">
    <subfield code="a"> Albuquerque,  Cynthia Cavalcanti de</subfield>
  </datafield>
  <datafield tag="100" ind1=" " ind2=" ">
    <subfield code="a">Paiva, Dayane Carla Costa </subfield>
  </datafield>
  <datafield tag="100" ind1=" " ind2=" ">
    <subfield code="a">Oliveira, Francisco F&#xE1;bio Mesquita </subfield>
  </datafield>
  <datafield tag="100" ind1=" " ind2=" ">
    <subfield code="a">Ragagnin, Roberto Carlos Grillo </subfield>
  </datafield>
  <datafield tag="100" ind1=" " ind2=" ">
    <subfield code="a">Cipriano, Aline Kelly de Aquino Lima </subfield>
  </datafield>
  <datafield tag="245" ind1=" " ind2=" ">
    <subfield code="a">Performance on tolerance of the AL Bandeirantes maize cultivar under salt stress </subfield>
  </datafield>
  <datafield tag="500" ind1=" " ind2=" ">
    <subfield code="a">

Publica&#xE7;&#xE3;o online; 31 ref.; 2 tables; 2 illus.; Summaries (En, Pt)</subfield>
  </datafield>
  <datafield tag="520" ind1=" " ind2=" ">
    <subfield code="a">


Abstract:     The  maize  (Zea  mays  L.,  Poaceae)  is  a  high  productivity  plant,  but  its  agricultural  yield  is compromised  in  areas  with  soil  salinity  problems.  This  study  aimed  to  evaluate  the  performance  of  maize plants  (AL  Bandeirantes  cultivar)  submitted  to  different  levels  of  salinity.  The  experiment  was  conducted  in greenhouse  conditions  under  completely  randomized  design,  with  4  treatments  (0,  50,  100  and  150  mM  of NaCl). An additional group of plants was not exposed to NaCl (control). The plants were evaluated for height, root  volume,  shoot  and  root  dry  weight,  shoot/root ratio,  relative  water  content  and  proline  concentration  in leaves.  The  NaCl  reduced  the  dry  weight  and  the  root  volume  in  comparison  with  that  observed  for  the control.  The  plants  height  was  affected  only  after 21  days  of  exposure  to  salt  stress,  while  no  significant difference  in  relative  water  content  was  observed  among  treatments.  The  proline  accumulation  was expressive  in  the  plants  treated  with  150  mM  of  NaCl,  indicating  a  mechanism  for  regulating  osmotic.  Salt stress did not affect the survival of the AL Bandeirantes cultivar, as was observed by plants development at all concentrations applied.  


Key words:    Zea mays L., Salinity, Sodium chloride</subfield>
  </datafield>
  <datafield tag="520" ind1=" " ind2=" ">
    <subfield code="a">


Resumo:    O  milho  (Zea  mays  L.,  Poaceae)  &#xE9;  uma  planta  de  alta  produtividade,  mas  o  seu  rendimento agr&#xED;cola  &#xE9;  comprometido  em  &#xE1;reas  com  problemas  de  salinidade  do  solo.  Este  estudo  teve  como  objetivo avaliar  o  desempenho  de  plantas  de  milho  (cultivar AL  Bandeirantes)  submetidas  a  diferentes  n&#xED;veis  de salinidade.   O   experimento   foi   conduzido   em   condi&#xE7;&#xF5;es   de   casa   de   vegeta&#xE7;&#xE3;o   sob   delineamento inteiramente casualizado, com 4 tratamentos (0, 50, 100 e 150 mM de NaCl). Um grupo adicional de plantas n&#xE3;o foi exposto ao NaCl (controle). As plantas foram avaliadas quanto &#xE0; altura, volume radicular, peso seco dos  brotos  e  ra&#xED;zes,  raz&#xE3;o  parte  a&#xE9;rea/raiz,  teor  relativo  de  &#xE1;gua  e  concentra&#xE7;&#xE3;o  de  prolina  nas  folhas.  O NaCl reduziu o peso seco e o volume radicular em compara&#xE7;&#xE3;o com o observado no controle. A altura das plantas foi afetada somente ap&#xF3;s 21 dias de exposi&#xE7;&#xE3;o ao estresse salino, enquanto que no teor relativo de &#xE1;gua n&#xE3;o foi observada diferen&#xE7;a significativa entre os tratamentos. O ac&#xFA;mulo de prolina foi expressivo nas plantas tratadas com 150 mM de NaCl, indicando um mecanismo de regula&#xE7;&#xE3;o osm&#xF3;tica. O estresse salino n&#xE3;o  afetou  a  sobreviv&#xEA;ncia  da  cultivar  AL  Bandeirantes,  como  foi  observado  pelo  desenvolvimento  das plantas em todas as concentra&#xE7;&#xF5;es aplicadas. 


Palavras-chave:   Zea mays L., Salinidade, Cloreto de s&#xF3;dio</subfield>
  </datafield>
  <datafield tag="650" ind1=" " ind2=" ">
    <subfield code="a">MILHO</subfield>
  </datafield>
  <datafield tag="650" ind1=" " ind2=" ">
    <subfield code="a">CRESCIMENTO</subfield>
  </datafield>
  <datafield tag="650" ind1=" " ind2=" ">
    <subfield code="a">SALINIDADE</subfield>
  </datafield>
  <datafield tag="650" ind1=" " ind2=" ">
    <subfield code="a">STRESS</subfield>
  </datafield>
  <datafield tag="650" ind1=" " ind2=" ">
    <subfield code="a">FISIOLOGIA VEGETAL</subfield>
  </datafield>
  <datafield tag="773" ind1="0" ind2=" ">
    <subfield code="0">3583</subfield>
    <subfield code="9">350104</subfield>
    <subfield code="d">Cruz das Almas-BA Universidade Federal da Bahia - Escola de Agron&#xF4;mia 1983</subfield>
    <subfield code="o">2025-2712</subfield>
    <subfield code="t">Magistra (Brazil)</subfield>
    <subfield code="x">0102-5333</subfield>
    <subfield code="g">v. 28(3-4) p. 352-359; (2016)</subfield>
    <subfield code="w">BR2025000982</subfield>
  </datafield>
  <datafield tag="856" ind1=" " ind2=" ">
    <subfield code="u">https://periodicos.ufrb.edu.br/index.php/magistra/article/view/3802/2098</subfield>
  </datafield>
  <datafield tag="942" ind1=" " ind2=" ">
    <subfield code="c">ANA</subfield>
  </datafield>
  <datafield tag="999" ind1=" " ind2=" ">
    <subfield code="c">331401</subfield>
    <subfield code="d">331401</subfield>
  </datafield>
</record>
